Chronicon ecclesiasticum quod e codice Musei Britannici / (Record no. 19767)
[ view plain ]
| 000 -LEADER | |
|---|---|
| campo de control de longitud fija | 00841nam a2200205 i 4500 |
| 001 - NÚMERO DE CONTROL | |
| campo de control | 19767 |
| 003 - IDENTIFICADOR DE NÚMERO DE CONTROL | |
| campo de control | ES-MaACL |
| 005 - FECHA Y HORA DE LA ÚLTIMA TRANSACCIÓN | |
| campo de control | 20230906152148.0 |
| 007 - CAMPO FIJO DE DESCRIPCIÓN FÍSICA--INFORMACIÓN GENERAL | |
| campo de control de longitud fija | t| |
| 008 - DATOS DE LONGITUD FIJA--INFORMACIÓN GENERAL | |
| campo de control de longitud fija | 021011s1874 fr ||||1| lat d |
| 100 1# - ENTRADA PRINCIPAL--NOMBRE DE PERSONA | |
| Nombre de persona | Abu'l Farax. |
| 9 (RLIN) | 18188 |
| 245 10 - MENCIÓN DEL TÍTULO | |
| Título | Chronicon ecclesiasticum quod e codice Musei Britannici / |
| Mención de responsabilidad, etc. | Abu'l Farax, Gregorii Barhebraei ; descriptum conjucta opera ediderunt, latinitate donaruntannotationibusque theologicis, historicis geographicis et archaelogicis illustrarunt Joannes Baptista Abbeloos... et Thomas Josephus Lamy... |
| 260 ## - PUBLICACIÓN, DISTRIBUCIÓN, ETC. | |
| Lugar de publicación, distribución, etc. | París : |
| Nombre del editor, distribuidor, etc. | Apud Maisonneuve et Cie., |
| Fecha de publicación, distribución, etc. | 1874. |
| 300 ## - DESCRIPCIÓN FÍSICA | |
| Extensión | 1 v. ; |
| Dimensiones | 28 cm. |
| 700 1# - ENTRADA AGREGADA--NOMBRE PERSONAL | |
| Nombre de persona | Barhebraei, Gregorii. |
| 9 (RLIN) | 25646 |
| 700 1# - ENTRADA AGREGADA--NOMBRE PERSONAL | |
| Nombre de persona | Abbeloos, Jean Baptiste, |
| Fechas asociadas al nombre | 1836-1906 |
| 9 (RLIN) | 18002 |
| 700 1# - ENTRADA AGREGADA--NOMBRE PERSONAL | |
| Nombre de persona | Lamy, Thomas Josephus. |
| 9 (RLIN) | 69881 |
| 852 ## - LOCALIZACIÓN | |
| Ubicación | ES-MaACL |
| Número de control de estantería | F-11520 |
| Estatus retirado | Estado de pérdida | Estado de daño | No para préstamo | Colección | Biblioteca de origen | Biblioteca actual | Ubicación en estantería | Fecha de adquisición | Fuente de adquisición | Total de préstamos | Signatura topográfica completa | Código de barras | Visto por última vez | Precio de reemplazo | Tipo de ítem Koha |
|---|---|---|---|---|---|---|---|---|---|---|---|---|---|---|---|
| Libros del s. XIX | Biblioteca del Ateneo de Madrid | Biblioteca del Ateneo de Madrid | Sala Pecera Planta 2 | 17/01/2008 | F-11520 | 1020242 | 23/02/2023 | 23/02/2023 | Libro impreso antiguo |
